Proyectos de desarrollo educativo: P.D.E
Gespeichert in:
| 1. Verfasser: | |
|---|---|
| Format: | Buch |
| Sprache: | Spanisch |
| Veröffentlicht: |
Santiago
C.P.E.I.P
1992
|
| Schriftenreihe: | Documento de estudio, 1
|
| Schlagworte: | |
| Tags: |
Tag hinzufügen
Keine Tags, Fügen Sie den ersten Tag hinzu!
|
MARC
| LEADER | 00000nam a2200000 a 4500 | ||
|---|---|---|---|
| 001 | UCW7656 | ||
| 003 | CL-VaPUC | ||
| 008 | 930616e19920000CL |||||||||||||||||spa|d | ||
| 082 | 0 | 4 | |a 370.78 |b BRA |2 21 |
| 100 | 0 | |a Bravo, Humberto |e author |9 312875 | |
| 245 | 1 | 0 | |a Proyectos de desarrollo educativo: P.D.E |
| 300 | |a 64 h | ||
| 942 | |c BK | ||
| 945 | |d 19930616 00:00:00 | ||
| 260 | |a Santiago |b C.P.E.I.P |c 1992 | ||
| 650 | 0 | |a Innovaciones pedagógicas |9 307471 | |
| 650 | 0 | |a Calidad de la educación |9 307271 | |
| 583 | |a last modification |c 19930616 00:00:00 |k Rodrigo Vera | ||
| 490 | 0 | |a Documento de estudio, 1 | |
| 999 | |c 220357 |d 220355 | ||
| 952 | |0 0 |1 0 |4 0 |6 370_780000000000000_BRA_1992 |7 0 |8 A |9 212438 |a BIBEDU |b BIBEDU |d 2019-11-15 |i 2806614 |o 370.78 BRA 1992 |p 2806614 |r 2019-11-15 |w 2019-11-15 |y BK |k EDU | ||